The mind of the strategist.

Bibliographic Details
Main Author: Ohmae
Format: Book
Published: New York: McGraw-Hill, 1982.
Subjects:
LEADER 00482cam a2200181 7i4500
001 0000005907
005 19991025090000.0
002 ##000007555
020 0 0 |a 0-07-047904-6  
090 0 0 |a B 658.4012038   |b OHM 
100 1 0 |a Ohmae  
245 1 4 |a The mind of the strategist. 
260 0 0 |a New York:   |b McGraw-Hill,   |c 1982. 
300 0 0 |a 283 p.. 
650 0 0 |a Industrial management --   |z Japan  
650 0 0 |a Strategy  
651 0 0 |a Japan  
999 |a 0000006143  |b Book  |c Open shelf  |e Business Information Centre